000 00693nam a2200217Ia 4500
001 2474
003 GE_BSU
008 181216s||||||||xx |||||||||||||| ||und||
020 _a9992884061
040 _cGE_BSU
080 _a811.131.1(075.8)
100 _aსიფრაშვილი, მანანა; ტაბატაძე,ციცინო;
245 _aიტალიური ენის სახელმძშვსნელო
260 _aთბილისი
260 _bლეგა
260 _c2007
300 _a400 გვ.
541 _h20 ლ.
653 _aიტალიური ენის სახელმძშვსნელო
942 _cBK
999 _c36555
_d36555